000 00518nmm a2200169Ia 4500
008 251105s9999||||xx |||||||||||||||||und||
020 _a9788413052427
041 _aspa
100 _aBar Shuali, Jonathan Jacobo
245 0 _aBreve historia del ejército napoleónico :
_b Ejércitos 9
264 _a[Madrid, España] :
_bEdiciones Nowtilus,
_c2022
300 _a380 páginas
490 _aBreve historia
650 _aHistory (General)
856 _uhttps://public.digitaliapublishing.com/a/171975
942 _cCF
999 _c76357
_d76357